01259nam a2200145 a 4500041000800000100003200008245016700040260005300207300001000260520073400270650002501004650002501029650002801054650003101082 aspa aRuiz Osorio, Diana Carolina aDivulgación y Socialización de los documentos y materiales producidos por las distintas líneas del programa de investigación en política y legislación aBogotábInstituto Alexander von Humboldtc2007 a36 p. aSe entregan los siguientes productos: Listado de personas e instituciones participantes en los procesos de planificación regional de la biodiversidad en los departamentos de Quindío, Norte de Santander y Valle del Cauca; Listado de actores definida y estrategia de divulgación diseñada en coordinación con el CHM; Cartas de invitación con una breve introducción al evento, objetivos, durción, lugar de realización, formato de inscripción para participantes y un croquis del programa; Bocetos generales de los formatos de escarapela, certificado de asistencia y carpeta contenedora del resumen de exposiciones con los patrocinadores y el logotipo del IAvH; Documento resumen de objetivos, estrategias y metas. aSeminarios y eventos aPolítica ambiental aLegislación ambiental aProgramas de divulgación